000 00364nam a2200145Ia 4500
005 20251222152616.0
008 251222s9999||||xx |||||||||||||| ||spa||
020 _a8489140685
082 _aREF.463.21/J73
100 _aJordana, Richard
245 0 _aDiccionario Inglés/ Español/Inglés
250 _a1ra.ed.
264 _bEdiciones Nauta, S.A.
942 _cLIB
999 _c27156
_d27156